|
|
|
|
| LEADER |
00000nam0a2200000 4500 |
| 001 |
344737 |
| 005 |
20231102005709.0 |
| 010 |
|
|
|a 9785980621124
|
| 035 |
|
|
|a (RuTPU)RU\TPU\book\376456
|
| 090 |
|
|
|a 344737
|
| 100 |
|
|
|a 20200327d2018 km y0rusy50 ca
|
| 101 |
1 |
|
|a rus
|c ger
|
| 102 |
|
|
|a RU
|
| 105 |
|
|
|a a z 001zy
|
| 200 |
1 |
|
|a Облик книги. Избранные статьи о книжном оформлении и типографике
|e пер. с нем.
|f Я. Чихольд
|
| 205 |
|
|
|a 5-е изд.
|
| 210 |
|
|
|a Москва
|c Студия Артемия Лебедева
|d 2018
|
| 215 |
|
|
|a 226 с.
|c ил.
|
| 320 |
|
|
|a Литература: с. 207-209
|
| 320 |
|
|
|a Комментарии: с. 210-219
|
| 320 |
|
|
|a Предм.-имен. указ.: с. 220-225
|
| 330 |
|
|
|a Издание объединяет важнейшие статьи Яна Чихольда о типографике и эстетике книги, публиковавшиеся в разное время в специализированных европейских журналах. Сборник помогает понять, почему столь многие книги выглядят уродливо, и по-настоящему оценить редкие, поистине прекрасно выполненные издания. Поэтому он будет интересен типографам, издателям и дизайнерам, а также всем читателям, любящим книгу.
|
| 606 |
1 |
|
|a Типографское дело
|2 stltpush
|3 (RuTPU)RU\TPU\subj\60614
|9 77853
|
| 606 |
1 |
|
|a Графический дизайн
|x Графика
|2 stltpush
|3 (RuTPU)RU\TPU\subj\74853
|9 86822
|
| 606 |
1 |
|
|a Книга
|x Оформление
|2 stltpush
|3 (RuTPU)RU\TPU\subj\14565
|9 40937
|
| 610 |
1 |
|
|a типографика
|
| 610 |
1 |
|
|a книжное дело
|
| 610 |
1 |
|
|a книги
|
| 610 |
1 |
|
|a оформление
|
| 610 |
1 |
|
|a графика
|
| 610 |
1 |
|
|a издательская графика
|
| 610 |
1 |
|
|a тексты
|
| 610 |
1 |
|
|a шрифты
|
| 610 |
1 |
|
|a дизайн
|
| 610 |
1 |
|
|a интерлиньяж
|
| 610 |
1 |
|
|a книжные пропорции
|
| 610 |
1 |
|
|a иллюстрации
|
| 610 |
1 |
|
|a сигнатуры
|
| 610 |
1 |
|
|a обложки
|
| 610 |
1 |
|
|a бумага
|
| 610 |
1 |
|
|a журналы
|
| 610 |
1 |
|
|a верстка
|
| 675 |
|
|
|a 655.1
|v 4
|
| 675 |
|
|
|a 76.03
|v 4
|
| 686 |
|
|
|a Ч611.62
|2 rubbk
|
| 700 |
|
1 |
|a Чихольд
|b Я.
|g Ян
|
| 801 |
|
1 |
|a RU
|b 63413507
|c 20200327
|
| 801 |
|
2 |
|a RU
|b 63413507
|c 20210906
|g RCR
|
| 942 |
|
|
|c BK
|
| 959 |
|
|
|a 13/20200327
|d 2
|e 1030,10
|f УФ:1
|f ЧЗТЛ:1
|